| 000 | 00994nam a2200313 c 4500 | ||
|---|---|---|---|
| 003 | BLK | ||
| 005 | 20190913121239.0 | ||
| 008 | 180911b bul|||||r ||||||| ||bul|| | ||
| 010 | _a003065 | ||
| 040 | _aBLK | ||
| 041 | _aDEU | ||
| 080 |
_aГьоте, Йохан _x92 _z830.09830(092)92 |
||
| 100 | 1 |
_aBIERBAUM, Otto _eпърви автор |
|
| 245 | 0 | 0 | _aGoethe-Kalender |
| 246 |
_aAuf das Jahr 1910 _pепос-биографии |
||
| 260 |
_aLeipzig _bTheodor Weicher _c1910 |
||
| 300 |
_a148 с., 6 л _bил. _c23 см |
||
| 380 | _a82 | ||
| 490 |
_aЧастна колекция - Академик Михаил Арнаудов _gДарение - Основен фонд |
||
| 650 | _aБиографии | ||
| 650 | _aПисатели | ||
| 653 |
_9 _aепос |
||
| 653 |
_9 _aбиографии |
||
| 655 | _aЛитературознание | ||
| 700 | 1 | _aOtto Julius Birbaum | |
| 700 | 1 | _a Hrgs. C. Schuddekopf | |
| 852 | _aМА 1522 | ||
| 942 |
_cKNG _n0 |
||
| 944 |
_aCR _c1996 _kValK |
||
| 999 |
_c343404 _d343404 |
||